A First Course in Computers (Record no. 6007)

MARC details
005 - DATE AND TIME OF LATEST TRANSACTION
control field 20250628124823.0
020 ## - INTERNATIONAL STANDARD BOOK NUMBER
International Standard Book Number 97812591444
100 ## - MAIN ENTRY--PERSONAL NAME
Author name SAXENA, S
245 ## - TITLE STATEMENT
Title A First Course in Computers
260 ## - PUBLICATION, DISTRIBUTION, ETC.
Place of publication, distribution, etc. New Delhi
Name of publisher, distributor, etc. Vikas Publishing House PVT LTD
Date of publication, distribution, etc. 2006
300 ## - PHYSICAL DESCRIPTION
Extent xviii, L-68.: ill; pictures
Dimensions 24cm
942 ## - ADDED ENTRY ELEMENTS (KOHA)
Source of classification or shelving scheme Dewey Decimal Classification
Koha item type Books
Holdings
Date last seen Total checkouts Full call number Barcode Cost, replacement price Price effective from Koha item type Lost status Source of classification or shelving scheme Damaged status Not for loan Withdrawn status Home library Current library Shelving location Date acquired Source of acquisition Cost, normal purchase price
06/28/2025   001.6 SAX MBY000772 45000.00 06/28/2025 Books   Dewey Decimal Classification       CBE MBEYA CBE MBEYA General Collection 07/01/2009 PURCHASE 15000.00
06/28/2025   001.6 SAX MBY000773 45000.00 06/28/2025 Books   Dewey Decimal Classification       CBE MBEYA CBE MBEYA General Collection 07/01/2009 PURCHASE 15000.00